| 000 | 00612nam a2200205 b 4500 | ||
|---|---|---|---|
| 003 | OSt | ||
| 005 | 20151128080724.0 | ||
| 008 | 930108s1991 sp | |||| ||spa d | ||
| 020 | _a84-226-3621-2 | ||
| 040 | _cBMC | ||
| 082 | _a823 | ||
| 100 | 1 |
_aSharpe, Tom _d1928-2013 _932253 |
|
| 245 | 1 | 3 |
_aEl bastardo recalcitrante _cTom Sharpe ; traducción, Mónica Martín Berdagué |
| 260 |
_a[Barcelona] _bCírculo de Lectores _cD.L.1991 |
||
| 300 |
_a335 p. _c22 cm |
||
| 546 | _aTraducción de: The throwback | ||
| 650 | 2 | 4 |
_911162 _aNovela inglesa |
| 700 | 1 |
_aMartín Berdagué, Mónica _937455 |
|
| 942 |
_2ddc _cBK |
||
| 999 |
_c23719 _d23719 |
||